LEADER 02427nam 2200553 a 450 001 9910462129303321 005 20200520144314.0 010 $a1-283-63625-5 010 $a0-309-25526-0 035 $a(CKB)2670000000275669 035 $a(EBL)3379030 035 $a(SSID)ssj0000682057 035 $a(PQKBManifestationID)12331766 035 $a(PQKBTitleCode)TC0000682057 035 $a(PQKBWorkID)10682785 035 $a(PQKB)11347364 035 $a(MiAaPQ)EBC3379030 035 $a(Au-PeEL)EBL3379030 035 $a(CaPaEBR)ebr10613380 035 $a(CaONFJC)MIL394871 035 $a(OCoLC)810077541 035 $a(EXLCZ)992670000000275669 100 $a20121023d2012 uy 0 101 0 $aeng 135 $aurcn||||||||| 181 $ctxt 182 $cc 183 $acr 200 10$aRanking vaccines$b[electronic resource] $ea prioritization framework. Phase I, Demonstration of concept and software blueprint /$fGuruprasad Madhavan ... [et al.], editors ; Institute of Medicine of the National Academies 210 $aWashington, D.C. $cNational Academies Press$d2012 215 $a1 online resource (170 p.) 300 $a"Committee on Identifying and Prioritizing New Preventive Vaccines for Development, Board on Population Health and Public Health Practice, Board on Global Health." 311 $a0-309-25525-2 320 $aIncludes bibliographical references. 327 $a""Front Matter""; ""Reviewers""; ""Foreword""; ""Preface""; ""Contents""; ""Disclaimer""; ""Summary""; ""1 Introduction: From Smallpox to SMART Vaccines""; ""2 Modeling Strategy: From Single Attribute to Multiple Attributes""; ""3 Data Evaluation and Software Development""; ""4 Observations and Looking Forward""; ""References""; ""Appendix A: Mathematical Functions""; ""Appendix B: Candidate Disease Profiles and Data""; ""Appendix C: Stakeholder Speakers""; ""Appendix D: Biographical Information"" 606 $aVaccines 608 $aElectronic books. 615 0$aVaccines. 676 $a615.372 701 $aMadhavan$b Guruprasad$0859655 712 02$aInstitute of Medicine (U.S.).$bBoard on Population Health and Public Health Practice. 712 02$aInstitute of Medicine (U.S.).$bBoard on Global Health. 801 0$bMiAaPQ 801 1$bMiAaPQ 801 2$bMiAaPQ 906 $aBOOK 912 $a9910462129303321 996 $aRanking vaccines$91918461 997 $aUNINA